000 01006cad a22002535a 4500
001 E151121
008 101004s2009 xxk f 100 0 eng d
020 _a9781842195192
035 _a(Sirsi) u151121
041 0 _aeng
100 1 _aMichell, Kathy
111 2 _aConstruction and Building Research Conference
_cUniversity of Cape Town
_d10-11 September 2009
245 0 4 _aThe role of organisational culture in workplace planning and design
_ba Cape Town case study
_h[electronic resource]
260 _aLondon
_bRICS
_c2009
520 _aA paper presented at the COBRA Conference in Cape Town on 10-11 September 2009.
590 _aKA
650 2 4 _aCONSTRUCTION AND BUILDING RESEARCH CONFERENCE (COBRA)
651 4 _aSouth Africa
690 _aMANAGEMENT-FACILITIES MANAGEMENT
700 1 _aCattell, Keith
700 1 _aGinsberg, Natalie
856 4 0 _uhttps://www.rics.org/site/scripts/download_info.aspx?fileID=4940&categoryID=524
_zView the item free of charge at www.rics.org
942 _n0
999 _c111171
_d111171